| 000 | 00650nam a2200217 i 4500 | ||
|---|---|---|---|
| 001 | 42341 | ||
| 003 | ES-MaACL | ||
| 005 | 20250712062536.0 | ||
| 007 | t| | ||
| 008 | 030313s1970 sp ||||1| spa d | ||
| 080 | _a914.671-1 B. | ||
| 100 | 1 |
_aCela, Camilo José, _d1916-2002 _937336 |
|
| 245 | 1 | 0 |
_aBarcelona / _cpor Camilo José Cela ; ilustraciones de Federico Lloveras. |
| 250 | _a1ª ed. | ||
| 260 |
_a[Madrid] : _bAlfaguara, _c1970. |
||
| 300 |
_a80 p. : _bil. col. ; _c25 cm. |
||
| 651 | 4 |
_aBarcelona- _xDescripción. _9160866 |
|
| 700 | 1 |
_aLloveras, Frederic ( _d1912-1983) _972936 |
|
| 852 | 4 |
_aES-MaACL _jC-37811 |
|
| 999 |
_c42341 _d42341 |
||